Iconic Weapons Quiz - Statistics

General Stats
  • This quiz has been taken 29 times
  • The average score is 19 of 30
Answer Stats
Series Character Weapon % Correct
Marvel Comics Captain America Shield
100%
Texas Chainsaw Massacre Leatherface Chainsaw
96%
Norse mythos Thor Hammer
96%
Star Wars Luke Skywalker Lightsaber
96%
Harry Potter Harry Potter Wand
93%
Indiana Jones Indiana Jones Whip
93%
Biblical figure David Sling
86%
Greek mythos Poseidon Trident
86%
Greek mythos Zeus Lightning Bolt
82%
Halloween Michael Myers Knife
79%
DC Comics Green Lantern Lantern Ring
75%
Lord of the Rings Legolas Longbow
68%
Friday the 13th Jason Voorhees Machete
68%
The Walking Dead Negan Baseball Bat
64%
DC Comics Batman Batarang
64%
Marvel Comics Thanos Infinity Gauntlet
61%
Lord of the Rings Gandalf Staff
61%
Teenage Mutant Ninja Turtles Leonardo Katana
57%
Teenage Mutant Ninja Turtles Michelangelo Nunchaku
57%
The Walking Dead Darryl Dixon Crossbow
54%
Lord of the Rings Aragorn Longsword
54%
Teenage Mutant Ninja Turtles Donatello Bo Staff
50%
Star Trek Captain Kirk Phaser
50%
Greek mythos Athena Spear
46%
Lord of the Rings Gimli Battle Axe
43%
Teenage Mutant Ninja Turtles Raphael Sai
43%
A Nightmare on Elm Street Freddy Krueger Glove
39%
Candyman Candyman Hook
39%
Shaun of the Dead Shaun Cricket Bat
18%
No Country for Old Men Anton Chigurh Bolt Stunner
7%
No matching quizzes found
Score Distribution
Percent of People with Each Score
Percentile by Number Answered
Your Score History
You have not taken this quiz